Modernization of human resource traditions. (Record no. 16082)

000 -LEADER
fixed length control field 00881nam a2200205 a 4500
001 - CONTROL NUMBER
control field ASIN8130923033
005 - DATE AND TIME OF LATEST TRANSACTION
control field 20170105102932.0
008 - FIXED-LENGTH DATA ELEMENTS--GENERAL INFORMATION
fixed length control field 140722s xxu eng d
020 ## - INTERNATIONAL STANDARD BOOK NUMBER
International Standard Book Number 8130923033 (hardcover)
020 ## - INTERNATIONAL STANDARD BOOK NUMBER
International Standard Book Number 9788130923031 (hardcover)
040 ## - CATALOGING SOURCE
Original cataloging agency 0
082 ## - DEWEY DECIMAL CLASSIFICATION NUMBER
Classification number 331.1
Author Mark MOH 2013
100 ## - MAIN ENTRY--PERSONAL NAME
Personal name Mohapatra, Nirmalendu
245 00 - TITLE STATEMENT
Title Modernization of human resource traditions.
Statement of responsibility, etc. Nimalendu Mohapatra
260 ## - PUBLICATION, DISTRIBUTION, ETC.
Place of publication, distribution, etc. New Delhi
Name of publisher, distributor, etc. Viva,
Date of publication, distribution, etc. 2013
300 ## - PHYSICAL DESCRIPTION
Extent 202 p.
Dimensions 23 cm.
650 ## - SUBJECT ADDED ENTRY--TOPICAL TERM
Topical term or geographic name entry element Tradition and Modernity, Difference and Similarities in HRM and IT, Perspective of HR Modernization, Knowing the employee Better: The Designing and Development Process in HRMS, Knowing the Employee Better: The Transition Process in HRMS, Modernizing the Tradition
856 40 - ELECTRONIC LOCATION AND ACCESS
Materials specified Amazon.com
Uniform Resource Identifier <a href="http://www.amazon.com/exec/obidos/ASIN/8130923033/chopaconline-20">http://www.amazon.com/exec/obidos/ASIN/8130923033/chopaconline-20</a>
942 ## - ADDED ENTRY ELEMENTS (KOHA)
Source of classification or shelving scheme
Koha item type Book
Holdings
Withdrawn status Lost status Damaged status Not for loan Collection code Permanent Location Current Location Shelving location Date acquired Total Checkouts Full call number Barcode Date last seen Price effective from Koha item type
          Central Library (CL) Central Library (CL) General Stacks 10/01/2013   331.1 MOH 2013 CIPS0001386 07/22/2014 07/22/2014 Book
© 2023 Central Library, National University of Sciences and Technology. All Rights Reserved.